Analyse des rôles des organisations locales dans le développement local : implication pour la décentralisation : cas du Comité de Gestion du centre sous-préfectoral de Santé (COGES) et de l'Union des Producteurs de Riz de Koussin-Lélé (UPR-KL) de Covè (Record no. 46450)
[ view plain ]
| 000 -LEADER | |
|---|---|
| fixed length control field | 01042nam a22002417a 4500 |
| 003 - CONTROL NUMBER IDENTIFIER | |
| control field | 0 |
| 005 - DATE AND TIME OF LATEST TRANSACTION | |
| control field | 20160609165140.0 |
| 008 - FIXED-LENGTH DATA ELEMENTS--GENERAL INFORMATION | |
| fixed length control field | 091027t xxu||||| |||| 00| 0 eng d |
| 040 ## - SOURCE DU CATALOGAGE | |
| Original cataloging agency | BIDOC |
| Language of cataloging | fr |
| 100 ## - VEDETTE PRINCIPALE - NOM DE PERSONNE | |
| Personal name | MONGBO, Pélagie |
| 9 (RLIN) | 1713 |
| 245 ## - TITLE STATEMENT | |
| Title | Analyse des rôles des organisations locales dans le développement local : implication pour la décentralisation : cas du Comité de Gestion du centre sous-préfectoral de Santé (COGES) et de l'Union des Producteurs de Riz de Koussin-Lélé (UPR-KL) de Covè |
| Statement of responsibility, etc | Mongbo Pélagie |
| 260 ## - PUBLICATION, DISTRIBUTION, ETC. (IMPRINT) | |
| Place of publication, distribution, etc | UAC |
| Name of publisher, distributor, etc | FSA |
| Date of publication, distribution, etc | 19 décembre 2002 |
| 300 ## - PHYSICAL DESCRIPTION | |
| Extent | xv-109 p. |
| Dimensions | 30 cm. |
| 520 ## - SUMMARY, ETC. | |
| Summary, etc | L'objectif global de cette étude est d'identifier les rôles des organisations de production de biens et services dans le développement local... |
| 650 ## - SUBJECT ADDED ENTRY--TOPICAL TERM | |
| Topical term or geographic name as entry element | Viabilité économique |
| 9 (RLIN) | 1714 |
| 650 ## - SUBJECT ADDED ENTRY--TOPICAL TERM | |
| Topical term or geographic name as entry element | Gestion |
| 9 (RLIN) | 1715 |
| 650 ## - SUBJECT ADDED ENTRY--TOPICAL TERM | |
| Topical term or geographic name as entry element | Décentralisation |
| 9 (RLIN) | 1716 |
| 650 ## - SUBJECT ADDED ENTRY--TOPICAL TERM | |
| Topical term or geographic name as entry element | Périmètre irrigué |
| 9 (RLIN) | 1717 |
| 651 ## - SUBJECT ADDED ENTRY--GEOGRAPHIC NAME | |
| Geographic name | Bénin |
| Geographic subdivision | Covè |
| 9 (RLIN) | 1718 |
| 653 ## - INDEX TERM--UNCONTROLLED | |
| Uncontrolled term | Organisation locale |
| 653 ## - INDEX TERM--UNCONTROLLED | |
| Uncontrolled term | Développement local |
| 942 ## - ADDED ENTRY ELEMENTS (KOHA) | |
| Koha item type | Thèse et Memoire |
| Withdrawn status | Lost status | Damaged status | Not for loan | Location (home branch) | Sublocation or collection (holding branch) | Date acquired | Source of acquisition | Koha issues (times borrowed) | Koha full call number | Koha date last seen | Copy number | Price effective from | Koha item type | Public note |
|---|---|---|---|---|---|---|---|---|---|---|---|---|---|---|
| Bibliothèque-Centre de Documentation de la Faculté des Sciences Agronomiques | Bibliothèque-Centre de Documentation de la Faculté des Sciences Agronomiques | 27/10/2009 | FSA | T.ESAC.2002.031 | 27/10/2009 | A.11282 | 27/10/2009 | Thèse et Memoire | ||||||
| Bibliothèque-Centre de Documentation de la Faculté des Sciences Agronomiques | Bibliothèque-Centre de Documentation de la Faculté des Sciences Agronomiques | 27/10/2009 | FSA | T.ESAC.2002.031 | 27/10/2009 | A.11283 | 27/10/2009 | Thèse et Memoire | Consultation sur place |